000 00364nam a2200145Ia 4500
008 231129s1995||||xx |||||||||||||| ||spa||
020 _a84-08-1243-6
040 _bspa
082 _aE863 C392c
100 _aCela Camilo Jose
245 0 _aLa cruz de San Andres
260 _c1995
264 _aPlaneta
942 _2ddc
_cBKS
999 _c16781
_d16781